| 000 | 00383nam a22001337a 4500 | ||
|---|---|---|---|
| 020 | _a0-89838-102-9 | ||
| 082 | _a355.0019 KEL'C | ||
| 100 |
_aKELLETT, ANTHONY _948630 |
||
| 245 | _aCOMBAT MOTIVATION THE BEHAVIOR OF SOLDIERS IN BATTLE | ||
| 260 |
_aBOSTON _bKLUWAR _c1982 |
||
| 300 | _a362P | ||
| 650 |
_aCOMBAT PSYCHOLOGICAL ASPECTS PSYCHOLOGY MILITARY MORALE _974817 |
||
| 942 | _cBK | ||
| 999 |
_c580316 _d580316 |
||